00970nam a22002295i 4500001000700000003000900007005001700016008004100033080002200074100002200096245022600118260003200344300002100376490003100397500002700428500010100455500003800556700004400594700003000638830003100668852004100699176579ES-MaACL20231204210843.0110125s1945 sp a |||| | spa d a821.134.2-293"19"1 aRomero, Federico.10aDoña Francisquita b: comedia lírica en tres actos, el último dividido en dos cuadros, inspirada en La discreta enamorada, de Lope de Vega / cFederico Romero y Guillermo Fernández Shaw ; música de Amadeo Vives. aMadrid : b[s. n., c1945?] a86 p. ; c17 cm.1 aBiblioteca teatral ; v158 aAnteportada ilustrada. aEn port. : Representada por primera vez en el Teatro Apolo, de Madrid, el 17 de octubre de 1923. aEncuadernado con otros títulos.1 aFernández-Shaw, Guillermo,d1893-19651 aVives, Amadeo,d1871-19320 aBiblioteca teatral ; v158 aES-MaACLjE-14127 (158) xOlim P-302